Проблема трансмутации. Вопросы превращения элементов (статьи Неймана В. Б., Обуховой М. П., Докусовой Н. Г., Бакирова А. Г., доклады Керврана К. Л., Шубера Ю. А.): рукописи

Détails bibliographiques
Langue:russe
Publié: [Б. м.], [Б. и.], [Б. г.]
Sujets:
Format: Livre
KOHA link:https://koha.lib.tpu.ru/cgi-bin/koha/opac-detail.pl?biblionumber=350116

MARC

LEADER 00000nbm0a2200000 4500
001 350116
005 20231102010253.0
035 |a (RuTPU)RU\TPU\retro\3623 
090 |a 350116 
100 |a 20181115f k y0rusy50 ca 
101 0 |a rus 
102 |a RU 
105 |a y z 000zy 
200 1 |a Проблема трансмутации. Вопросы превращения элементов (статьи Неймана В. Б., Обуховой М. П., Докусовой Н. Г., Бакирова А. Г., доклады Керврана К. Л., Шубера Ю. А.)  |e рукописи 
210 |a [Б. м.]  |c [Б. и.]  |d [Б. г.] 
215 |a 1 папка 
317 |5 63413507: КР-5838  |a Поступила в НТБ в 2018 г. в составе книжного собрания профессора ТПУ А. Г. Бакирова 
606 1 |a Химические реакции  |2 stltpush  |3 (RuTPU)RU\TPU\subj\70068  |9 84616 
610 1 |a трансмутации 
610 1 |a химические элементы 
610 1 |a химические превращения 
610 1 |a коллекция А. Г. Бакирова 
675 |a 544.4  |v 4 
801 1 |a RU  |b 63413507  |c 20181115 
801 2 |a RU  |b 63413507  |c 20181212  |g RCR 
942 |c BK